Flags of the world - C - Statistics

General Stats
  • This quiz has been taken 60 times
  • The average score is 15 of 17
Answer Stats
Picture Answer % Correct
Canada
100%
Chile
100%
China
100%
Colombia
100%
Cameroon
95%
Croatia
95%
Cambodia
92%
Chad
92%
Czechia
92%
Cuba
89%
Cyprus
89%
Comoros
81%
Costa Rica
81%
Central African Republic
78%
Côte d'Ivoire
78%
Cape Verde
76%
Congo
76%
No matching quizzes found
Score Distribution
Percent of People with Each Score
Percentile by Number Answered
Your Score History
You have not taken this quiz